|
|
|
|
| LEADER |
00000nam0a2200000 4500 |
| 001 |
370043 |
| 005 |
20231102012237.0 |
| 035 |
|
|
|a (RuTPU)RU\TPU\retro\27451
|
| 090 |
|
|
|a 370043
|
| 100 |
|
|
|a 20220616d1980 km y0rusy50 ca
|
| 101 |
0 |
|
|a rus
|
| 102 |
|
|
|a UA
|
| 105 |
|
|
|a a z 001zy
|
| 200 |
1 |
|
|a Методы и средства контроля загрязнения атмосферы
|f А. В. Примак, А. Н. Щербань
|g Академия наук Украинской ССР, Институт технической теплофизики
|
| 210 |
|
|
|a Киев
|c Наукова думка
|d 1980
|
| 215 |
|
|
|a 296 с.
|c ил.
|
| 320 |
|
|
|a Библиогр.: с. 277-292
|
| 606 |
1 |
|
|a Атмосфера
|x Загрязнение
|2 stltpush
|3 (RuTPU)RU\TPU\subj\29626
|9 52911
|
| 610 |
1 |
|
|a контроль
|
| 610 |
1 |
|
|a методы
|
| 610 |
1 |
|
|a средства контроля
|
| 610 |
1 |
|
|a вредные вещества
|
| 610 |
1 |
|
|a анализ
|
| 610 |
1 |
|
|a метеорологическая информация
|
| 610 |
1 |
|
|a автоматические системы контроля
|
| 610 |
1 |
|
|a дискретные системы
|
| 610 |
1 |
|
|a воздушный бассейн
|
| 610 |
1 |
|
|a качественные показатели
|
| 610 |
1 |
|
|a технические средства
|
| 675 |
|
|
|a 551.510.42
|v 4
|
| 700 |
|
1 |
|a Примак
|b А. В.
|g Альфред Викторович
|
| 701 |
|
1 |
|a Щербань
|b А. Н.
|g Александр Назарович
|
| 712 |
0 |
2 |
|a Академия наук Украинской ССР
|b Институт технической теплофизики
|c (Киев)
|2 stltpush
|3 (RuTPU)RU\TPU\col\1122
|9 23520
|
| 801 |
|
1 |
|a RU
|b 63413507
|c 20220616
|
| 942 |
|
|
|c BK
|